LEADER 00739nam0-22002411i-450- 001 990001242360403321 035 $a000124236 035 $aFED01000124236 035 $a(Aleph)000124236FED01 035 $a000124236 100 $a20000920d1989----km-y0itay50------ba 101 0 $aeng 200 1 $aOptimization$eProceedings of the fifth French-German Conference held in Castel-Novel (Varetz), France, Oct. 3-8, 1988.$fby DOLECKI S. 210 $aBerlin [etc.]$cSpringer-Verlag$d1989. 225 1 $aLecture Notes in Mathematics$v1405 801 0$aIT$bUNINA$gRICA$2UNIMARC 901 $aBK 912 $a990001242360403321 952 $aC-20-(1405$b7056$fMA1 959 $aMA1 996 $aOptimization$980052 997 $aUNINA DB $aING01 LEADER 00872nam0-22002891i-450- 001 990007719420403321 035 $a000771942 035 $aFED01000771942 035 $a(Aleph)000771942FED01 035 $a000771942 100 $a20021010d--------km-y0itay50------ba 101 0 $aita 200 1 $a<>responsabilite conditions$egeneralites, dommage, causalite, fait personnel, fait des choses, fait d'autrui$fGenevieve Viney 210 $aParis$cL.G.D.J.$d1982 215 $a1080 p.$d24 cm 225 1 $aTraité de droit civil$i<>obligations 676 $a346 700 1$aViney,$bGenevieve$0263368 801 0$aIT$bUNINA$gRICA$2UNIMARC 901 $aBK 912 $a990007719420403321 952 $a19-B-193BIS$b$fDDCP 952 $a19-B-193$b3116$fDDCP 959 $aDDCP 996 $aResponsabilite conditions$9665874 997 $aUNINA DB $aGEN01 LEADER 01442nam--2200409---450 001 990006041630203316 005 20171206134222.0 010 $a978-88-14-20352-7 035 $a000604163 035 $aUSA01000604163 035 $a(ALEPH)000604163USA01 035 $a000604163 100 $a20100706d2015----km-y0itay50------ba 101 $aita 102 $aIT 105 $a||||||||001yy 200 1 $aGuida alla valutazione medico-legale dell'invalidita permanente$ein responsabilità civile e nell'assicurazione privata contro gli infortuni e le malattie$econ contributo alla quantificazione della sofferenza morale e del danno da perdita di chances$fEnzo Ronchi, Luigi Mastroroberto, Umberto Genovese 205 $a2. ed. 210 $aMilano$cGiuffrè$d2015 215 $aXXII, 434 p.$d24 cm 410 0$12001 454 1$12001 461 1$1001-------$12001 606 0 $aInvalidità$xValutazione medico-legale$2BNCF 676 $a614.1 700 1$aRONCHI,$bEnzo$0550587 701 1$aMASTROROBERTO,$bLuigi$0542151 701 1$aGENOVESE,$bUmberto$0608168 801 0$aIT$bsalbc$gISBD 912 $a990006041630203316 951 $aXXV.1.K. 393$b82109 G.$cXXV.1.K.$d376338 959 $aBK 969 $aGIU 979 $aFIORELLA$b90$c20150522$lUSA01$h1232 979 $aFIORELLA$b90$c20150522$lUSA01$h1240 996 $aGuida alla valutazione medico-legale dell'invalidita permanente$91076148 997 $aUNISA LEADER 03245nam 22006975 450 001 996466297803316 005 20200705120704.0 010 $a3-319-24800-6 024 7 $a10.1007/978-3-319-24800-4 035 $a(CKB)4340000000001144 035 $a(SSID)ssj0001585006 035 $a(PQKBManifestationID)16265249 035 $a(PQKBTitleCode)TC0001585006 035 $a(PQKBWorkID)14866147 035 $a(PQKB)10731829 035 $a(DE-He213)978-3-319-24800-4 035 $a(MiAaPQ)EBC6305055 035 $a(MiAaPQ)EBC5588108 035 $a(Au-PeEL)EBL5588108 035 $a(OCoLC)922967397 035 $a(PPN)190528761 035 $a(EXLCZ)994340000000001144 100 $a20150921d2015 u| 0 101 0 $aeng 135 $aurnn#008mamaa 181 $ctxt 182 $cc 183 $acr 200 10$aCurrent Trends in Web Engineering$b[electronic resource] $e15th International Conference, ICWE 2015 Workshops, NLPIT, PEWET, SoWEMine, Rotterdam, The Netherlands, June 23-26, 2015. Revised Selected Papers /$fedited by Florian Daniel, Oscar Diaz 205 $a1st ed. 2015. 210 1$aCham :$cSpringer International Publishing :$cImprint: Springer,$d2015. 215 $a1 online resource (XVI, 199 p. 42 illus. in color.) 225 1 $aInformation Systems and Applications, incl. Internet/Web, and HCI ;$v9396 300 $aBibliographic Level Mode of Issuance: Monograph 311 $a3-319-24799-9 320 $aIncludes bibliographical references and index. 327 $aNatural Language Processing for Informal Text -- Pervase WEb Technologies -- Mining the Social Web. 330 $aThis book constitutes the thoroughly refereed post-conference proceedings of Current Trends in Web Engineering, ICWE Workshops 2015 which was held in June 2015 in Rotterdam, The Netherlands. The 16 revised full papers were selected form 23 submissions and cover topics on natural language processing for informal text, pervasive Web technologies, trends and challenges, and mining in the social Web. 410 0$aInformation Systems and Applications, incl. Internet/Web, and HCI ;$v9396 606 $aInformation storage and retrieval 606 $aData mining 606 $aSoftware engineering 606 $aInformation Storage and Retrieval$3https://scigraph.springernature.com/ontologies/product-market-codes/I18032 606 $aData Mining and Knowledge Discovery$3https://scigraph.springernature.com/ontologies/product-market-codes/I18030 606 $aSoftware Engineering$3https://scigraph.springernature.com/ontologies/product-market-codes/I14029 615 0$aInformation storage and retrieval. 615 0$aData mining. 615 0$aSoftware engineering. 615 14$aInformation Storage and Retrieval. 615 24$aData Mining and Knowledge Discovery. 615 24$aSoftware Engineering. 676 $a004.678 702 $aDaniel$b Florian$4edt$4http://id.loc.gov/vocabulary/relators/edt 702 $aDiaz$b Oscar$4edt$4http://id.loc.gov/vocabulary/relators/edt 801 0$bMiAaPQ 801 1$bMiAaPQ 801 2$bMiAaPQ 906 $aBOOK 912 $a996466297803316 996 $aCurrent Trends in Web Engineering$91921279 997 $aUNISA LEADER 01210nam a2200265 i 4500 001 991002314109707536 005 20020507162524.0 008 000427s1990 it ||| | ita 020 $a8814024332 035 $ab11639386-39ule_inst 035 $aLE02734415$9ExL 040 $aDip.to Studi Giuridici$bita 082 0 $a343.09 100 1 $aNicoletti, Giosuè$0369185 245 13$aIl sistema informativo contabile delle imprese pubbliche locali :$bdisciplina legislativa, prassi bilanci preventivi, conti consuntivi /$cGiosuè Nicoletti ; introduzione di Santo Laganà ; in collaborazione con Pubblitecnica SPA, Servizi Pubblici per la Comunità locale 260 $aMilano :$bA. Giuffrè,$cstampa1990 300 $avii, 168 p. ;$c24 cm. 490 0 $aQuaderni SOGES per le aziende pubbliche e gli enti locali ;$v10 650 4$aAziende pubbliche 907 $a.b11639386$b01-03-17$c02-07-02 912 $a991002314109707536 945 $aLE027 343.09 NIC01.01$g1$i2027000145041$lle027$o-$pE0.00$q-$rl$s- $t0$u0$v0$w0$x0$y.i11861186$z02-07-02 996 $aSistema informativo contabile delle imprese pubbliche locali$9428816 997 $aUNISALENTO 998 $ale027$b01-01-00$cm$da $e-$fita$git $h3$i1 LEADER 01933oam 2200529M 450 001 9910716325403321 005 20200213070624.5 035 $a(CKB)5470000002520884 035 $a(OCoLC)1065993590 035 $a(OCoLC)995470000002520884 035 $a(EXLCZ)995470000002520884 100 $a20071213d1926 ua 0 101 0 $aeng 135 $aurcn||||||||| 181 $ctxt$2rdacontent 182 $cc$2rdamedia 183 $acr$2rdacarrier 200 10$aBridge across the Rio Grande at Eagle Pass, Tex. April 19 (calendar day, April 24), 1926. -- Ordered to be printed 210 1$a[Washington, D.C.] :$c[U.S. Government Printing Office],$d1926. 215 $a1 online resource (2 pages) 225 1 $aSenate report / 69th Congress, 1st session. Senate ;$vno. 657 225 1 $a[United States congressional serial set ] ;$v[serial no. 8525] 300 $aBatch processed record: Metadata reviewed, not verified. Some fields updated by batch processes. 300 $aFDLP item number not assigned. 517 $aBridge across the Rio Grande at Eagle Pass, Tex. April 19 606 $aBridge construction industry 606 $aBridges$xDesign and construction 606 $aBridges 606 $aConstruction industry 606 $aLegislative amendments 608 $aLegislative materials.$2lcgft 615 0$aBridge construction industry. 615 0$aBridges$xDesign and construction. 615 0$aBridges. 615 0$aConstruction industry. 615 0$aLegislative amendments. 701 $aBingham$b Hiram$f1875-1956$pRepublican (CT)$0463205 801 0$bWYU 801 1$bWYU 801 2$bOCLCO 801 2$bOCLCQ 801 2$bOCLCO 801 2$bOCLCQ 906 $aBOOK 912 $a9910716325403321 996 $aBridge across the Rio Grande at Eagle Pass, Tex. April 19 (calendar day, April 24), 1926. -- Ordered to be printed$93436100 997 $aUNINA LEADER 01875oam 2200505M 450 001 9910716174503321 005 20200213070910.4 035 $a(CKB)5470000002518368 035 $a(OCoLC)1065600170 035 $a(OCoLC)995470000002518368 035 $a(EXLCZ)995470000002518368 100 $a20071213d1926 ua 0 101 0 $aeng 135 $aurcn||||||||| 181 $ctxt$2rdacontent 182 $cc$2rdamedia 183 $acr$2rdacarrier 200 10$aBridge across the Tombigbee River near Gainesville, Ala. March 6 (calendar day, March 8), 1926. -- Ordered to be printed 210 1$a[Washington, D.C.] :$c[U.S. Government Printing Office],$d1926. 215 $a1 online resource (2 pages) 225 1 $aSenate report / 69th Congress, 1st session. Senate ;$vno. 293 225 1 $a[United States congressional serial set ] ;$v[serial no. 8524] 300 $aBatch processed record: Metadata reviewed, not verified. Some fields updated by batch processes. 300 $aFDLP item number not assigned. 517 $aBridge across the Tombigbee River near Gainesville, Ala. March 6 606 $aBridge construction industry 606 $aBridges$xDesign and construction 606 $aBridges 606 $aLegislative amendments 608 $aLegislative materials.$2lcgft 615 0$aBridge construction industry. 615 0$aBridges$xDesign and construction. 615 0$aBridges. 615 0$aLegislative amendments. 701 $aBingham$b Hiram$f1875-1956$pRepublican (CT)$0463205 801 0$bWYU 801 1$bWYU 801 2$bOCLCO 801 2$bOCLCQ 801 2$bOCLCO 801 2$bOCLCQ 906 $aBOOK 912 $a9910716174503321 996 $aBridge across the Tombigbee River near Gainesville, Ala. March 6 (calendar day, March 8), 1926. -- Ordered to be printed$93490985 997 $aUNINA LEADER 01284nam 2200373 a 450 001 9910701971403321 005 20120711081450.0 035 $a(CKB)5470000002422402 035 $a(OCoLC)798807628 035 $a(EXLCZ)995470000002422402 100 $a20120711d2012 ua 0 101 0 $aeng 135 $aurmn||||||||| 181 $ctxt$2rdacontent 182 $cc$2rdamedia 183 $acr$2rdacarrier 200 10$aBorder security$b[electronic resource] $eopportunities exist to ensure more effective use of DHS's air and marine assets : report to congressional requesters 210 1$a[Washington, D.C.] :$cU.S. Govt. Accountability Office,$d[2012] 215 $a1 online resource (iii, 87 pages) $ccolor illustrations, color maps 300 $aTitle from PDF title screen (viewed July 10, 2012). 300 $a"March 2012." 300 $a"GAO-12-518." 320 $aIncludes bibliographical references. 517 $aBorder security 606 $aNational security$zUnited States$xEvaluation 606 $aBorder patrols$zUnited States 615 0$aNational security$xEvaluation. 615 0$aBorder patrols 801 0$bGPO 801 1$bGPO 906 $aBOOK 912 $a9910701971403321 996 $aBorder security$93423087 997 $aUNINA LEADER 00733nam a2200217 i 4500 001 991004382119807536 005 20250527100445.0 008 270520s1942 fr er 001 0dfre d 040 $aBibl. Dip.le Aggr. Studi Umanistici - Sez. Filosofia$bita$cSocioculturale Scs 041 0 $afre 082 04$a232$223. 100 1 $aPascal, Blaise$028760 245 10$aJésus /$cBlaise Pascal ; édité par G. Michaut 260 $aParis :$bPayot,$c1942 300 $a126 p. ;$c23 cm 500 $aContiene: Abrégé de la Vie de Jésus-Christ; Le mémorial; Le mystère de Jésus; Pensées sur Jésus 600 04$aGesù Cristo$vBiografie 700 1 $aMichaut, G. 912 $a991004382119807536 996 $aJésus$94383705 997 $aUNISALENTO LEADER 01685nam0 22003493i 450 001 PUV0275784 005 20251003044312.0 010 $a0201575949 100 $a20080408d1995 ||||0itac50 ba 101 | $aeng 102 $aus 181 1$6z01$ai $bxxxe 182 1$6z01$an 200 1 $aDesigning and building parallel programs$econcepts and tools for parallel software engineering$fIan T. Foster 210 $aReading (MA) [etc.]$cAddison-Wesley$dc1995 215 $aXIII, 381 p. [8] c. di tav. color.$cill.$d25 cm 300 $aBibliografia: P. 353-367. 606 $aProgrammazione parallela$2FIR$3UFIC014060$9E 676 $a005.2$9PROGRAMMAZIONE PER SPECIFICI TIPI DI ELABORATORE, PER SPECIFICI SISTEMI OPERATIVI, PER SPECIFICHE INTERFACCE UTENTE$v14 676 $a005.2$9PROGRAMMAZIONE PER SPECIFICI TIPI DI ELABORATORE, PER SPECIFICI SISTEMI OPERATIVI, PER SPECIFICHE INTERFACCE UTENTE.$v22 696 $aTecnica di programmazione parallela 699 $aProgrammazione parallela$yTecnica di programmazione parallela 700 1$aForster$b, Ian T.$f <1959- >$3PUVV156917$4070$0447865 801 3$aIT$bIT-000000$c20080408 850 $aIT-BN0095 901 $bNAP 01$cSALA $n$ 901 $bNAP 01$cSALA DING $n$ 912 $aPUV0275784 950 0$aBiblioteca Centralizzata di Ateneo$d 01SALA 005.2 FOS de$e 0104 0000025065 VMA 1 v.$fY $h20150928$i20150928$b1 v.$c1 v.$d 01SALA DING 005.2 FOS.de$e 0102 0000028595 VMA A4 1 v.$fY $h19971215$i19971215 977 $a 01 996 $aDesigning and building parallel programs$9104123 997 $aUNISANNIO